| 000 | 00393cam a2200133 a 4500 | ||
|---|---|---|---|
| 008 | 890224s1989 ilu 000 1 eng | ||
| 010 | _a 89050338 | ||
| 020 | _a0891075275 | ||
| 050 | 0 | 0 |
_aPS3566.E691317 _bP54 1989 |
| 082 | 0 | 0 |
_a813/.54 _220 |
| 100 | 1 |
_aPeretti, Frank E. _97576 |
|
| 245 | 1 | 0 |
_aPiercing the darkness / _cFrank E. Peretti. |
| 260 |
_aWestchester, Ill. : _bCrossway Books, _cc1989. |
||
| 999 |
_c12043 _d12043 |
||